000 00388cam a2200157ua 4500
041 _aeng
_h
082 _a944.04
_bCAR/FR
100 _aCarlyle, Thomas .
245 _aFrench Revolution /
_cThomas Carlyle.
_hTextual Documents
260 _aLondon :
_bJ M Dent and Sons Ltd ,
_c1961.
300 _a359 ; .
504 _a
700 _aLATHEEF,MD.
942 _cBK
999 _c1251
_d1251